Správa budov vo víre technológií

Facility manažment musí držať krok s dobou a vedieť sa prispôsobiť vysokým nárokom moderných budov. Dosahovať vysokú mieru efektivity v správe nehnuteľnosti počas celého jej životného cyklu umožňuje digitalizácia procesov. Automatizácia procesov vedie nielen k významnej úspore hodín práce, ale tiež...

Ausführliche Beschreibung

Gespeichert in:
Bibliographische Detailangaben
1. Verfasser: Maťo, Vladimír
Format: Buchkapitel
Sprache:Slowakisch
Schlagworte:
Tags: Tag hinzufügen
Keine Tags, Fügen Sie das erste Tag hinzu!

MARC

LEADER 00000naa a2200000 4500
001 0307751
005 20250320104002.0
041 0 |a slo 
044 |a SK 
245 1 0 |a Správa budov vo víre technológií  |c Vladimír Maťo 
520 |a Facility manažment musí držať krok s dobou a vedieť sa prispôsobiť vysokým nárokom moderných budov. Dosahovať vysokú mieru efektivity v správe nehnuteľnosti počas celého jej životného cyklu umožňuje digitalizácia procesov. Automatizácia procesov vedie nielen k významnej úspore hodín práce, ale tiež k lepšiemu prehľadu o stave kľúčových systémov v reálnom čase. Nielenže každý problém je tak možné rýchlo a operatívne vyriešiť, ale inteligentný systém umožňuje mnohým komplikáciám predísť. 
610 2 0 |a manažment 
610 2 0 |a majetok 
610 2 0 |a nehnuteľnosti 
610 2 0 |a technológie nové 
100 1 |a Maťo, Vladimír